000 00472nam a22001697a 4500
003 OSt
008 250926b |||||||| |||| 00| 0 eng d
020 _a9781398624269
082 _a658.8 KAL
100 _aKAPFERER, Jean-Noël and BASTIN, Vincent
245 _aLuxury Strategy :Break the Rules of Marketing to Build Luxury Brands
250 _a3rd. ed.
260 _aLondon,
_bKogan Page Limited,
_c2025,
300 _a450 p.
650 _aB. FAD.
942 _2ddc
_cREF
999 _c13744
_d13744